| 000 | 00495nam a2200193Ia 4500 | ||
|---|---|---|---|
| 003 | OSt | ||
| 005 | 20250205142524.0 | ||
| 008 | 210210b1972 xxu||||| |||| 00| 0 eng d | ||
| 040 | _cAL | ||
| 041 | _aKannada | ||
| 082 | _aK894.3 BICK | ||
| 100 |
_aBICHI. _9131316 _dಬೀಚಿ. |
||
| 245 |
_aKallu helitu. _bಕಲ್ಲು ಹೇಳಿತು |
||
| 260 |
_aBengaluru _bDarshana Prakashana _c1972 |
||
| 300 | _a255 | ||
| 690 |
_aKannada Fiction _9131317 |
||
| 906 | _a033218 | ||
| 942 |
_2ddc _cBK |
||
| 999 |
_c84144 _d84144 |
||